000 00854nam a22001697a 4500
005 20120521105556.0
020 _a9788171248285
_c225.00
082 _a820.8
100 _aतिवारी, रामचन्द्र
_947533
245 _aमध्यकालीन हिन्दी साहित्य विविध सन्दर्भ/
_cरामचन्द्र तिवारी
260 _aवाराणसी
_bविश्वविदालय
_c2011
270 _aचौक वाराणसी
_e221001
_k0542-2413741
300 _a180 पृ.
_c22 सेंमी. (सजिल्द)
942 _2ddc
_cHN
_h820.8
_mतिवारी
999 _c66935
_d66935